La sociedad del riesgo global
Guardat en:
| Autor principal: | |
|---|---|
| Format: | Llibre |
| Idioma: | espanyol |
| Publicat: |
Madrid
Siglo Veintiuno
2006
|
| Edició: | 2a. ed |
| Matèries: | |
| Etiquetes: |
Afegir etiqueta
Sense etiquetes, Sigues el primer a etiquetar aquest registre!
|
MARC
| LEADER | 00000cam a2200000 a 4500 | ||
|---|---|---|---|
| 001 | UCD4339 | ||
| 003 | CL-VaPUC | ||
| 008 | 160708e20060000sp |||||||||||||||||spa|d | ||
| 020 | |a 9788432312618 | ||
| 082 | 0 | 4 | |a 301 |b BEC |2 21 |
| 100 | 0 | |a Beck, Ulrich |e author |9 588019 | |
| 245 | 1 | 3 | |a La sociedad del riesgo global |
| 250 | |a 2a. ed | ||
| 300 | |a 290 p | ||
| 942 | |c BK | ||
| 945 | |d 20160708 23:22:00 |a dcastane | ||
| 260 | |a Madrid |b Siglo Veintiuno |c 2006 | ||
| 650 | 0 | |a Sociología |9 255410 | |
| 650 | 0 | |a Globalización |9 361930 | |
| 583 | |a last modification |c 20160708 23:22:00 |k Rodrigo Vera | ||
| 999 | |c 365261 |d 365259 | ||
| 952 | |0 0 |1 0 |3 erb |4 0 |6 301_000000000000000_BEC_2006 |7 0 |8 A |9 479053 |a BIBCUR |b BIBCUR |i 5295793 |l 1 |o 301 BEC 2006 |p 5295793 |r 2025-04-22 |s 2024-10-08 |w 2019-11-24 |y BK |z Catalogado en:20160708 |k PER | ||